| 000 | 00616nam a22001817a 4500 | ||
|---|---|---|---|
| 003 | CEME | ||
| 005 | 20210628203921.0 | ||
| 008 | 210308b xxu||||| |||| 00| 0 eng d | ||
| 020 | _a0-12-123420-7 | ||
| 040 | _c. | ||
| 082 | _a515.35 MUL'B | ||
| 100 |
_aBrackbill, Jeremiah U , Cohan, Bruce I _967841 |
||
| 245 | _aMultiple time scale | ||
| 260 |
_aORLANDO _bACADEMIC PRESS _c1985 |
||
| 300 | _aXIII, 442P | ||
| 650 |
_aDIFFERENTIAL EQUATION PARTIAL NUMERICAL SOLUTION ADDRESSES ESSAYS LECTURES MONTECARLO METHODS ADDRESSES ESSAYS LECTURES NONLINERA THEORIES ADDRESSES ESSAYS LECTURES _967842 |
||
| 942 |
_cBK _2ddc |
||
| 999 |
_c575534 _d575534 |
||